000 00847nam a2200229 a 4500
001 13163
003 BD-JhCC
005 20230716091521.0
008 230716s20212022bg a|||| |||| 000 0 ben d
020 _a9789849562405
035 _a(BD-JhCC)13163
040 _aBD-JhCC
_dBD-JhCC
041 _aben
082 _a299.31
_bMAO 2022
100 _aমাওলা, এস এম নিয়াজ
245 _aমিশরীয় মিথলজি আদি থেকে অন্ত /
_cএস এম নিয়াজ মাওলা
260 _aঢাকা :
_bজাগৃতি প্রকাশনী,
_c২০২২
300 _a৭৫২ পৃ. :
_bচিত্রাবলী,
_c২৪ সেমি.
504 _aগ্রন্থপঞ্জি সংযোজিত।
650 _aMythology
_zEgyptian
942 _2ddc
_cBK
999 _c13163
_d13163